000 00750cam a2200253 4500
008 090401t1996 xxu||||| |||| 00| 0 eng d
020 _a1860811205
035 _a(Sirsi) u62539
041 _aeng
050 _a694.012
100 _aOrsler, R.J.
245 _aPreservative-treated timber : checking compliance with new European standards.
260 _aGarston, Watford
_bBuilding Research Establishment
_c1996
300 _a6p. : ill. ; 30cm.
350 _a0
490 _aBRE Information Paper
_v9/96
650 _aEUROPEAN STANDARDS
650 _aPRESERVATIVES
650 _aTIMBER PRESERVATION
690 _aBUILT ENVIRONMENT-BUILDING MATERIALS
710 _aBuilding Research Establishment
942 _n0
948 _c04/03/1997
999 _c94437
_d94437